Ciele, obsah, formy a prostriedky postgraduálneho štúdia na vysokých školách čiastková úloha RŠ V-08/03 - medzivýstup za rok 1982

Na minha lista:
Detalhes bibliográficos
Autor principal: Vávra, Ferdinand
Formato: Livro
Idioma:eslovaco
Publicado em: Bratislava VŠE 1983
Assuntos:
Tags: Adicionar Tag
Sem tags, seja o primeiro a adicionar uma tag!

MARC

LEADER 00000nam a2200000 4500
001 c124666
005 20240429105952.6
041 0 |a slo 
044 |a SK 
245 1 0 |a Ciele, obsah, formy a prostriedky postgraduálneho štúdia na vysokých školách  |b čiastková úloha RŠ V-08/03 - medzivýstup za rok 1982  |c Ferdinand Vávra 
264 1 |a Bratislava  |b VŠE  |c 1983 
300 |a 23 s. 
610 2 0 |a školstvo 
610 2 0 |a štúdium postgraduálne 
610 2 0 |a školy vysoké 
610 2 0 |a školy vysoké odborné 
610 2 0 |a vzdelávanie 
610 2 0 |a vzdelávanie ďalšie 
610 2 0 |a Československo 
100 1 |a Vávra, Ferdinand